00423nam a22001457a 4500003000500000005001700005008004100022020001800063040000600081082001500087245004400102260006400146300001100210650005600221CEME20210628203333.0210304b xxu||||| |||| 00| 0 eng d a0-14-062268-3 c. a808.83 ARA aArabian nights, penguin popular classic aNEW DELHIbPENGUIN, PENGUIN BOOKS, BURTON, RICHARD Fc1997 aV,312P aENGLISH LITERATURE-FICTION.PENGUINE POPULAR CLASSIC